00362nam a2200145Ia 4500003000400000008004100004080002000045100001900065245007500084260001200159260000900171300000700180942001200187999001700199SEM141116s9999 xx 000 0 und d a281.62:280 N-43 aNersoyan Hagop 4aThe relationship of the Armenian Church with other Christian Churches  aQuebec  cs.a. a13 2udccBK c53858d53858